Biblioteca

7 ways to rate your church : (Registro nro. 68850)

Detalles MARC
000 -LÍDER
Campo fijo de descripción fija 01085nab a2200217 i 4500
001 - NÚMERO DE CONTROL
Campo de control 768714001
003 - IDENTIFICADOR DEL NÚMERO DE CONTROL
Campo de control CO-MdFUSB
005 - FECHA Y HORA DE LA ULTIMA TRANSACCIÓN
control field 20260316103436.0
008 - ELEMENTOS DE LONGITUD FIJA -- INFORMACIÓN GENERAL
Campo fijo de descripción fija -- Información general 230506s1999 ||||| |||| 00| 0 eng d
040 ## - FUENTE DE CATALOGACIÓN
Idioma de catalogación eng
Agencia Catalogadora CO-MdFUSB
Agencia que realiza la transcripción CO-MdFUSB
Agencia que realiza la modificación CO-MdFUSB
041 ## - CÓDIGO DE IDIOMA
Código de idioma para texto/pista de sonido o título separado eng
100 ## - ASIENTO PRINCIPAL--NOMBRE PERSONAL
Nombre personal Anderson, Leith
Término relacionador autor
245 ## - TÍTULO
Título 7 ways to rate your church :
Subtitulo your congregation's spiritual condition can be tested
Mención de responsabilidad / Leith Anderson
300 ## - DESCRIPCIÓN FÍSICA
Extensión Volumen 20, número 1 (Winter 1999), páginas 37 - 40
Dimensiones ; 27 cm
520 ## - NOTA DE RESUMEN, ETC.
Nota de sumario, etc. Money magazine cada año valora los 300 mejores lugares para vivir en los Estados Unidos. Las valoraciones están basadas en el clima, la comodidad, la tasa de crimen, trasporte público, atención médica y otros factores. Un planteamiento similar se toma con las iglesias. LIDERSHIP enseña 7 formas para valorar tu iglesia.
546 ## - NOTA DE IDIOMA
Nota de idioma Texto en inglés
650 #7 - ASIENTO SECUNDARIO DE MATERIA - TERMINO TEMÁTICO
Término temático o nombre geográfico como elemento de entrada Cristianismo
9 (RLIN) 22
773 0# - ASIENTO DE ITEM FUENTE
Biblionumber 68780
Itemnumber 81948
Otro identificador del ítem R2463
Título Leadership :
Número de control del registro (CO-MdFUSB)768714001
Parte(s) relacionada(s) / Volumen., número. (mes año), páginas Volumen 20, número 1 (Winter 1999), páginas 37 - 40
Enumeración y primera página página 37
942 ## - TIPO DE MATERIAL (KOHA)
Tipo de Item KOHA Artículos de Revista
945 ## - INFORMACIÓN LOCAL DEL REGISTRO
Catalogador JTF-925

No hay ítems disponibles.

Biblioteca FUSBC | Teléfono: (57+4) 349 88 10 Ext. 141| WhatsApp (+57) 3005338115 
E-mail: biblioteca@unisbc.edu.co | Calle 76 87-14 Robledo Palenque, Medellín, Colombia

Con tecnología Koha